00274nam a2200109Ia 4500082001700000100002100017245003600038250000800074260003200082300001000114650004000124 aRR 910 LOC-; aLock, C B Muriel 0aGeography: a reference handbook a2nd aLondonbClive Bingleyc1968 a529p. aGeography - Handbooks, manuals, etc